| 000 | 00929nam0a22002651 4500 | ||
|---|---|---|---|
| 001 | rc\214643 | ||
| 005 | 20030307114422.4 | ||
| 010 |
_a5-900279-09-X _9200 |
||
| 021 |
_aRU _bКН-П-19-094876 _9КН-П-19-6953 |
||
| 035 | _a(NLR Aleph) 005463627 | ||
| 090 |
_a4979269 _c4979269 |
||
| 100 | _a20030307d1994 u y0rusy50 ca | ||
| 101 | 0 | _arus | |
| 102 | _aRU | ||
| 105 | _ay ||||||||| | ||
| 200 | 1 |
_aЛексика высокого стилистического слоя в современном немецком языке _eСловарь _fМордов. гос. пед. ин-т им. М.Е. Евсевьева |
|
| 210 |
_aСаранск _cМГПИ _d1994 |
||
| 215 |
_a97, [2] с. _d20 |
||
| 300 | _aПредисл.: рус. | ||
| 700 | 1 |
_aЯлышева _bА.П. _gАлександра Петровна |
|
| 801 | 0 |
_aRU _bNLR _gpsbo |
|
| 801 | 1 |
_aRU _bELAR _2rusmarc |
|
| 852 |
_aNLR _bС _jК-1/6501 |
||
| 942 | _cBOOK | ||
| 980 | _aNB | ||